000 00593nam a2200193Ia 4500
999 _c9774
_d9774
005 20231013110831.0
008 231013s9999 xx 000 0 und d
020 _a950-9065-70-6
040 _aUPAN
_cBiblioteca San Vicente
_eRCAA2
041 _aspa
082 _a340.03
_bC112d
_c1998
100 _aCabanellas, Guillermo
_4aut.
245 0 _aDiccionario enciclopédico de derecho usual (Tomo V)
_cGuillermo Caballenas
250 _a26ª ed.
260 _aArgentina:
_bEliasta,
_c1998
300 _a724 p.;
_c27 cm.
_g(Tomo V)
650 _2LEMB
_vDiccionario
_xDerecho
942 _cBK
_2ddc